000
00195 a2200097 4500
020
_a
9780545030021
041
_a
spa
100
_a
Sedita, Francesco
245
_a
La chica mas popular
942
_c
BK
999
_c
10608
_d
10608